WWE Royal Rumble Winners - Sudden Death - Statistics

General Stats
  • This quiz has been taken 250 times
  • The average score is 18 of 28
Answers on the Grid
Answers color-coded by a green-red scale on the quiz's grid according to % correct below.
AJ Styles
Alberto Del Rio
Andre The Giant
Batista
Big John Studd
Big Show
Booker T
Bray Wyatt
Bret Hart
Brock Lesnar
Chris Benoit
Chris Jericho
CM Punk
Cody Rhodes
Diesel
Drew McIntyre
Eddie Guerrero
Edge
Finn Balor
Hacksaw Jim Duggan
Hulk Hogan
Jerry Lawler
Jey Uso
John Bradshaw Layfield
John Cena
Kane
Kurt Angle
Lex Luger
Mark Henry
Mr. McMahon
Mr. Perfect
Randy Orton
Randy Savage
Rey Mysterio
Ric Flair
Rob Van Damn
Roman Reigns
Samoa Joe
Seth Rollins
Sgt. Slaughter
Shawn Michaels
Sheamus
Shinsuke Nakamura
Stone Cold Steve Austin
Ted DiBiase
The Rock
Triple H
Ultimate Warrior
Undertaker
Yokozuna
 
Answer Stats
Answer % Correct
Batista
88%
Alberto Del Rio
86%
Cody Rhodes
77%
Brock Lesnar
76%
John Cena
74%
Drew McIntyre
72%
Edge
72%
Jey Uso
70%
Hulk Hogan
68%
Chris Benoit
66%
Randy Orton
66%
Roman Reigns
66%
Triple H
65%
Rey Mysterio
64%
Stone Cold Steve Austin
63%
Shinsuke Nakamura
62%
Shawn Michaels
61%
Seth Rollins
60%
Sheamus
59%
The Rock
59%
Undertaker
59%
Big John Studd
58%
Bret Hart
57%
Mr. McMahon
57%
Ric Flair
55%
Hacksaw Jim Duggan
54%
Yokozuna
51%
Lex Luger
43%
No matching quizzes found
Score Distribution
Percent of People with Each Score
Percentile by Number Answered
Your Score History
You have not taken this quiz